[Event "AUS-ch Major"]
[Site "Sydney"]
[Date "2020.01.09"]
[Round "7"]
[White "Huey, Toby"]
[Black "Ge, Eva"]
[Result "1-0"]
[WhiteElo "1578"]
[BlackElo "1783"]
[PlyCount "95"]
[EventDate "2020.01.02"]
[EventType "swiss"]
[EventRounds "11"]
[EventCountry "AUS"]
[SourceTitle "EXT 2021"]
[Source "ChessBase"]
[SourceDate "2020.10.23"]
[SourceVersion "1"]
[SourceVersionDate "2020.10.23"]
[SourceQuality "1"]

1. e4 c5 2. Nf3 e6 3. d4 cxd4 4. Nxd4 Nf6 5. Nc3 Nc6 6. Ndb5 d6 7. Bf4 e5 8. Bg5 a6 9. Na3 b5 10. Nd5 Be7 11. Bxf6 Bxf6 12. c3 Bg5 13. Bd3 Be6 14. 0-0 0-0 15. c4 f5 16. cxb5 Bxd5 17. exd5 Ne7 18. bxa6 e4 19. Bc4 Ng6 20. b4 Qd7 21. b5 Ne5 22. Be2 f4 23. f3 Qa7+ 24. Kh1 Qc5 25. Qb3 exf3 26. Bxf3 Nxf3 27. Rxf3 Rfb8 28. Rc3 Qd4 29. Rd1 Qe5 30. Nc4 Qe7 31. Na5 Re8 32. h3 Bh4 33. Rcc1 Qe2 34. Qc4 f3 35. Qxe2 fxe2 36. Re1 Bxe1 37. Rxe1 Rab8 38. a4 Re4 39. Nc6 Rf8 40. Kg1 Rf1+ 41. Rxf1 exf1Q+ 42. Kxf1 Rxa4 43. a7 Ra1+ 44. Kf2 Kf7 45. b6 Ke8 46. b7 Ra2+ 47. Kg3 Kd7 48. b8Q 1-0